The History of British Women's Writing, 1830-1880 Volume Six /

This volume charts the rise of professional women writers across diverse fields of intellectual enquiry and through different modes of writing in the period immediately before and during the reign of Queen Victoria. It demonstrates how, between 1830 and 1880, the woman writer became an agent of cult...

Full description

Bibliographic Details
Corporate Author: SpringerLink (Online service)
Other Authors: Hartley, Lucy (Editor, http://id.loc.gov/vocabulary/relators/edt)
Format: Electronic eBook
Language:English
Published: London : Palgrave Macmillan UK : Imprint: Palgrave Macmillan, 2018.
Edition:1st ed. 2018.
Series:History of British Women's Writing
Subjects:
Online Access:Full Text via HEAL-Link
LEADER 04216nam a2200553 4500
001 978-1-137-58465-6
003 DE-He213
005 20191027041622.0
007 cr nn 008mamaa
008 180922s2018 xxk| s |||| 0|eng d
020 |a 9781137584656  |9 978-1-137-58465-6 
024 7 |a 10.1057/978-1-137-58465-6  |2 doi 
040 |d GrThAP 
050 4 |a PN760.5-769 
072 7 |a DSBF  |2 bicssc 
072 7 |a LIT024040  |2 bisacsh 
072 7 |a DSBF  |2 thema 
082 0 4 |a 809.034  |2 23 
245 1 4 |a The History of British Women's Writing, 1830-1880  |h [electronic resource] :  |b Volume Six /  |c edited by Lucy Hartley. 
250 |a 1st ed. 2018. 
264 1 |a London :  |b Palgrave Macmillan UK :  |b Imprint: Palgrave Macmillan,  |c 2018. 
300 |a XXIX, 349 p.  |b online resource. 
336 |a text  |b txt  |2 rdacontent 
337 |a computer  |b c  |2 rdamedia 
338 |a online resource  |b cr  |2 rdacarrier 
347 |a text file  |b PDF  |2 rda 
490 1 |a History of British Women's Writing 
505 0 |a 1. Introduction. The 'business' of writing women - Lucy Hartley -- 2. The Feminisation of Literary Culture - Joanne Shattock -- 3. Authorship, Gender, and the Periodical Press - Alexis Easley -- 4. The Professional Woman Writer - Linda K. Hughes -- 5. Mapping the Nation: Scotland and Britain - Suzanne Gilbert -- 6. Representing Ireland - Margaret Kelleher -- 7. Runaway Discourse: Women Write Slavery, Race, and Empire - Cora Kaplan -- 8. Women Writers and the Provincial Novel - Josephine McDonagh -- 9. Library Lives of Women -Susan David Bernstein -- 10. Travel Writing - Ella Dzelzainis -- 11. Religious Genres - Julie Melnyk -- 12. Women Playwrights and the London Stage - Sharon Aronofsky Weltman -- 13. Life Writing - Valerie Sanders -- 14. Scientific and Medical Genres - Claire Brock -- 15. Creativity - Alison Chapman -- 16. Sensation, Art, and Capital - Lucy Hartley -- 17. Writing Across the Class Divide - Florence S. Boos -- 18. Friendship and Intimacy - Jill Rappoport -- 19. Sympathy - Carolyn Burdett. . 
520 |a This volume charts the rise of professional women writers across diverse fields of intellectual enquiry and through different modes of writing in the period immediately before and during the reign of Queen Victoria. It demonstrates how, between 1830 and 1880, the woman writer became an agent of cultural formation and contestation, appealing to and enabling the growth of female readership while issuing a challenge to the authority of male writers and critics. Of especial importance were changing definitions of marriage, family and nation, of class, and of morality as well as new conceptions of sexuality and gender, and of sympathy and sensation. The result is a richly textured account of a radical and complex process of feminization whereby formal innovations in the different modes of writing by women became central to the aesthetic, social, and political formation of British culture and society in the nineteenth century. 
650 0 |a Literature, Modern-19th century. 
650 0 |a Literature-History and criticism. 
650 0 |a British literature. 
650 0 |a Fiction. 
650 0 |a Sociology. 
650 1 4 |a Nineteenth-Century Literature.  |0 http://scigraph.springernature.com/things/product-market-codes/821000 
650 2 4 |a Literary History.  |0 http://scigraph.springernature.com/things/product-market-codes/813000 
650 2 4 |a British and Irish Literature.  |0 http://scigraph.springernature.com/things/product-market-codes/833000 
650 2 4 |a Fiction.  |0 http://scigraph.springernature.com/things/product-market-codes/825000 
650 2 4 |a Gender Studies.  |0 http://scigraph.springernature.com/things/product-market-codes/X35000 
700 1 |a Hartley, Lucy.  |e editor.  |4 edt  |4 http://id.loc.gov/vocabulary/relators/edt 
710 2 |a SpringerLink (Online service) 
773 0 |t Springer eBooks 
776 0 8 |i Printed edition:  |z 9781137584649 
776 0 8 |i Printed edition:  |z 9781349844289 
776 0 8 |i Printed edition:  |z 9781349844272 
830 0 |a History of British Women's Writing 
856 4 0 |u https://doi.org/10.1057/978-1-137-58465-6  |z Full Text via HEAL-Link 
912 |a ZDB-2-LCM 
950 |a Literature, Cultural and Media Studies (Springer-41173)